Stolice krajów Ameryki Południowej (dla geomexa) - Statystyki

Ogólne statystyki
  • Ten quiz został rozwiązany 61 razy
  • Średni wynik to 7 z 14
Statystyki odpowiedzi
Państwo Stolica % Poprawnych
Argentyna Buenos Aires
94%
Boliwia La Paz
71%
Chile Santiago
71%
Peru Lima
69%
Urugwaj Montevideo
65%
Kolumbia Bogota
63%
Ekwador Quito
59%
Wenezuela Caracas
55%
Paragwaj Asuncion
43%
Gujana Georgetown
39%
Surinam Paramaribo
35%
Brazylia Brasilla
22%
Gujana Francuska Kajenna
22%
Falkandy/Malwiny Stanley
10%
Nie znaleziono quizów pasujących do podanych kryteriów
Rozkład punktacji
Procent ludzi z każdym wynikiem
Percentyl według liczby udzielonych odpowiedzi
Twoja historia wyników
Nie rozwiązałeś tego quizu